LA BIBLIOTECA PUBLICA : (Registro nro. 56259)
[ vista simple ]
| 000 -LEADER | |
|---|---|
| fixed length control field | 00928nam a2200193 a 4500 |
| 001 - CONTROL NUMBER | |
| control field | 56259 |
| 005 - DATE AND TIME OF LATEST TRANSACTION | |
| control field | 20180714051932.0 |
| 008 - FIXED-LENGTH DATA ELEMENTS--GENERAL INFORMATION | |
| fixed length control field | 140415s1991 mx 000 0 spa d |
| 020 ## - INTERNATIONAL STANDARD BOOK NUMBER | |
| International Standard Book Number | 9682921473 |
| 041 ## - LANGUAGE CODE | |
| Language code of text/sound track or separate title | spa |
| 082 ## - DEWEY DECIMAL CLASSIFICATION NUMBER | |
| Classification number | 025.004 |
| Item number | DIR |
| 110 1# - MAIN ENTRY--CORPORATE NAME | |
| Corporate name or jurisdiction name as entry element | Dirección General de Bibliotecas,. |
| 245 13 - TITLE STATEMENT | |
| Title | LA BIBLIOTECA PUBLICA : |
| Remainder of title | LECTURAS ESCOGIDAS |
| 250 ## - EDITION STATEMENT | |
| Edition statement | 1a ed. |
| 260 ## - PUBLICATION, DISTRIBUTION, ETC. | |
| Place of publication, distribution, etc. | MEXICO : |
| Name of publisher, distributor, etc. | CONSEJO NACIONAL PARA LA CULTURA Y LAS ARTES, |
| Date of publication, distribution, etc. | 1991 |
| 300 ## - PHYSICAL DESCRIPTION | |
| Extent | 38 |
| Dimensions | 15 x 0.6 x 22.1 |
| 520 ## - SUMMARY, ETC. | |
| Summary, etc. | DESDE QUE FUE INVENTADA LA ESCRITURA, LOS HOMBRES BUSCARON LOS MEDIOS DE FIJARLA Y CONSERVARLA. SE VALIERON PARA ELLO DE HOJAS DE ARBOLES, PIEDRAS, MADERAS, QUE POR FALTA DE SOLIDEZ RESULTARON INADECUADOS PARA TAL PROPOSITO. LA HISTORIA DE LAS BIBLIOTECAS CORRE PARALELA A LA DEÑ SER HUMANO. A TRAVES DE SU CRONICA ES POSIBLE ESTUDIAR MUCHOS ASPECTOS DE LA VIDA DEL HOMBRE |
| 650 14 - SUBJECT ADDED ENTRY--TOPICAL TERM | |
| Topical term or geographic name entry element | BIBLIOTECAS PUBLICAS |
| Withdrawn status | Lost status | Source of classification or shelving scheme | Damaged status | Not for loan | Collection code | Home library | Current library | Shelving location | Date acquired | Source of acquisition | Inventory number | Total Checkouts | Full call number | Barcode | Date last seen | Price effective from | Koha item type |
|---|---|---|---|---|---|---|---|---|---|---|---|---|---|---|---|---|---|
| Dewey Decimal Classification | General | Biblioteca Karol Wojtyla | Biblioteca Karol Wojtyla | Sala general | 03/12/2013 | Compra | 151000000000000000059679 | '025.004 DIR | 84849 | 05/01/2026 | 03/12/2013 | Libro |